000 00678nam a22002537a 4500
008 130617b xxu||||| |||| 00| 0 eng d
020 _a1 85573 977 2
024 _cAvailable
037 _cAvailable
040 _aMBSTU LIBRARY
_dMBSTU LIBRARY
082 _222
_a746.12 SPI
110 _aP.R. Lord.
245 _aSpinning.
260 _aCambridge.
_bWoodhead Publishers Ltd.
_c2004
300 _a22 cm.
_b288 page.
_f9
_g22 cm.
600 _2Spinning.
650 _2Spinning.
700 _aBahadur , P.
710 _aP.R. Lord.
270 _aCambridge.
_bCambridge.
_dEngland.
365 _b836.00
_d836.00
942 _2ddc
_cBK
999 _c477
_d477